| 000 | 00519nam a2200193Ia 4500 | ||
|---|---|---|---|
| 003 | GCL | ||
| 008 | 140319s9999 xx 000 0 eng d | ||
| 040 |
_aGCL / _cGCL |
||
| 082 | 0 | 4 |
_a708 _bA I |
| 100 | 1 | _aALAOUI, BRAHIM BEN HOSSAIN. | |
| 245 | 1 | 0 |
_aIMAGES TISSEES D'EGYPTE: TAPISSERIES DES ATRERS / _cALAOUI, BRAHIM BEN HOSSAIN. |
| 260 |
_a[S.N] : _bINSTITUT DU MONDE ARABE ، _c1993 |
||
| 300 | _a41 P | ||
| 650 | 0 | 4 | _aEGYPT |
| 650 | 0 | 4 | _aARTS |
| 650 | 0 | 4 | _aCARPETS |
| 650 | 0 | 4 | _aART, EGYPTIAN |
| 942 |
_2ddc _cBK |
||
| 999 |
_c19387 _d19387 |
||